[Event "Titled Tue 17th Jun Late"]
[Site "chess.com INT"]
[Date "2025.06.17"]
[Round "9"]
[White "Li, Xueyi"]
[Black "Rosenbecker, Daniel"]
[Result "0-1"]
[WhiteTitle "WGM"]
[BlackTitle "CM"]
[WhiteElo "2220"]
[BlackElo "2109"]
[WhiteFideId "8605912"]
[BlackFideId "1718959"]
[EventDate "2025.06.17"]

1. d4 Nf6 2. c4 e5 3. dxe5 Ng4 4. Nf3 Bc5 5. e3 Nc6 6. h3 Ngxe5 7. Nxe5 Nxe5 8.
Nc3 O-O 9. Bd3 d6 10. O-O Be6 11. b3 Qh4 12. Ne4 Nxd3 13. Qxd3 Bf5 14. f3 Rae8
15. Qe2 Bxe4 16. fxe4 Qxe4 17. Qf3 Bxe3+ 18. Bxe3 Qxe3+ 19. Qxe3 Rxe3 20. Rae1
Rfe8 21. Kf2 Rxe1 22. Rxe1 Rxe1 23. Kxe1 f5 24. Kf2 Kf7 25. Kf3 Ke6 26. Ke2 g5
27. Kf3 Ke5 28. Ke3 h5 29. g3 f4+ 30. gxf4+ gxf4+ 31. Kf3 c5 32. h4 Kf5 33. a3
a5 34. a4 b6 35. Ke2 Kg4 0-1

[Event "Titled Tue 17th Jun Late"]
[Site "chess.com INT"]
[Date "2025.06.17"]
[Round "9"]
[White "Yang, Daniel"]
[Black "Vaganian, Rafael A"]
[Result "0-1"]
[WhiteTitle "CM"]
[BlackTitle "GM"]
[WhiteElo "2198"]
[BlackElo "2449"]
[WhiteFideId "30976340"]
[BlackFideId "13300016"]
[EventDate "2025.06.17"]

1. Nf3 Nf6 2. g3 d5 3. Bg2 c6 4. O-O Bg4 5. d4 Nbd7 6. h3 Bh5 7. Nbd2 e6 8. Re1
Be7 9. e4 dxe4 10. Nxe4 Nxe4 11. Rxe4 O-O 12. c3 a5 13. Re1 a4 14. a3 Nb6 15.
Qe2 Bf6 16. Be3 Nd5 17. Bd2 b5 18. c4 bxc4 19. Qxc4 Bxf3 20. Bxf3 Qb6 21. Bc3
Qb5 22. Qxb5 cxb5 23. Bxd5 exd5 24. g4 Rfe8 25. Kg2 Re6 26. Rxe6 fxe6 27. f4 Rc8
28. Re1 Kf7 29. g5 Be7 30. Kf3 Rc4 31. Rd1 Bxa3 32. Rd3 Bd6 33. h4 b4 34. Be1 a3
35. bxa3 bxa3 36. Rd2 Rc3+ 37. Kg4 Rb3 38. Ra2 g6 39. h5 Ke7 40. hxg6 hxg6 41.
Bd2 Rb2 0-1

[Event "Titled Tue 17th Jun Late"]
[Site "chess.com INT"]
[Date "2025.06.17"]
[Round "9"]
[White "Mansurova, Mumtozbegim"]
[Black "Hernandez Bermudez, Ulises Eduardo"]
[Result "0-1"]
[WhiteTitle "WCM"]
[WhiteElo "1800"]
[BlackElo "2042"]
[WhiteFideId "14215780"]
[BlackFideId "3902510"]
[EventDate "2025.06.17"]

1. e4 e5 2. Nf3 Nf6 3. Nc3 Bb4 4. d3 d5 5. exd5 Nxd5 6. Bd2 Nxc3 7. bxc3 Bd6 8.
Be2 O-O 9. O-O h6 10. h3 f5 11. Re1 Nc6 12. Bf1 Qf6 13. c4 b6 14. Bc3 Bd7 15. d4
e4 16. Ne5 Bxe5 17. dxe5 Qe6 18. Qd5 Rad8 19. Rad1 Rfe8 20. f4 Bc8 21. Qxe6+
Bxe6 22. Be2 Kf7 23. g4 g6 24. Kf2 Rh8 25. Ke3 a5 26. gxf5 Bxf5 27. Bf1 Ke6 28.
Bg2 Ne7 29. Bxe4 Bxh3 30. Rh1 Bg4 31. Rxd8 Rxd8 32. Rxh6 Bf5 33. Bxf5+ Nxf5+ 0-1

[Event "Titled Tue 17th Jun Late"]
[Site "chess.com INT"]
[Date "2025.06.17"]
[Round "9"]
[White "Kramnik, Vladimir"]
[Black "Kobo, Ori"]
[Result "1-0"]
[WhiteTitle "GM"]
[BlackTitle "GM"]
[WhiteElo "2753"]
[BlackElo "2493"]
[WhiteFideId "4101588"]
[BlackFideId "2812320"]
[EventDate "2025.06.17"]

1. Nf3 Nf6 2. g3 g6 3. Bg2 Bg7 4. c4 d6 5. Nc3 O-O 6. O-O c6 7. d3 d5 8. Bf4 d4
9. Na4 Na6 10. Be5 c5 11. b4 Nxb4 12. Nxc5 Nc6 13. Bxf6 Bxf6 14. Qa4 Qc7 15.
Rab1 Rb8 16. Nd2 e5 17. Bxc6 bxc6 18. Rxb8 Qxb8 19. Qxc6 Be7 20. Rb1 Qd6 21.
Qxd6 Bxd6 22. Nce4 Be7 23. c5 Be6 24. Rb7 Re8 25. Rxa7 f5 26. Nd6 Bxd6 27. cxd6
Rd8 28. Nf3 Rxd6 29. Nxe5 Rb6 30. f4 Rb2 31. Kf2 Bxa2 32. Nf3 Bb1 33. Ke1 1-0

[Event "Titled Tue 17th Jun Late"]
[Site "chess.com INT"]
[Date "2025.06.17"]
[Round "9"]
[White "Brancaleoni, Maurizio"]
[Black "Sobek, Jaroslav"]
[Result "1-0"]
[WhiteTitle "FM"]
[BlackTitle "FM"]
[WhiteElo "2185"]
[BlackElo "2195"]
[WhiteFideId "803022"]
[BlackFideId "301388"]
[EventDate "2025.06.17"]

1. Nf3 c5 2. c4 Nf6 3. Nc3 d5 4. cxd5 Nxd5 5. d4 Nxc3 6. bxc3 e6 7. e4 Be7 8.
Bb5+ Bd7 9. Bd3 O-O 10. O-O Nc6 11. d5 Na5 12. c4 exd5 13. exd5 Bg4 14. h3 Bxf3
15. Qxf3 Bf6 16. Rb1 b6 17. Bf4 g6 18. Rfe1 Bg7 19. d6 Qd7 20. Re7 Qa4 21. Qe2
a6 22. Be4 Rab8 23. Bd5 Bf6 24. Bh6 Bxe7 25. dxe7 Rfe8 26. Qe5 1-0

[Event "Titled Tue 17th Jun Late"]
[Site "chess.com INT"]
[Date "2025.06.17"]
[Round "9"]
[White "Rustamov, Rustam"]
[Black "Thomforde-Toates, Noah"]
[Result "1-0"]
[WhiteTitle "FM"]
[WhiteElo "2334"]
[BlackElo "2128"]
[WhiteFideId "13440110"]
[BlackFideId "30951992"]
[EventDate "2025.06.17"]

1. e4 c5 2. Nf3 g6 3. d4 cxd4 4. Nxd4 Bg7 5. c4 Nc6 6. Be3 Nf6 7. Nc3 Ng4 8.
Qxg4 Nxd4 9. Qd1 e5 10. Bd3 O-O 11. O-O d6 12. Bxd4 exd4 13. Nd5 Be6 14. Qb3
Bxd5 15. cxd5 Qb6 16. Rac1 Rfc8 17. f4 Bh6 18. g3 g5 19. Qxb6 axb6 20. Rxc8+
Rxc8 21. Kg2 gxf4 22. gxf4 b5 23. Kf3 b4 24. e5 Ra8 25. Rg1+ Kf8 26. Bxh7 Ke7
27. Bb1 b3 28. axb3 Ra1 29. Rd1 dxe5 30. fxe5 Be3 31. Ke4 Ra8 32. d6+ Ke8 33.
Rf1 Ra1 34. Bd3 Rxf1 35. Bxf1 b6 36. h4 Kd7 37. Kd5 Kd8 38. Bc4 Kd7 39. h5 Kd8
40. Ke4 Ke8 41. Kf5 Kd7 42. Kf6 Bf4 43. Bb5+ Kd8 44. h6 Bxh6 45. Kxf7 Bf4 46.
Ke6 d3 47. Bxd3 Bc1 48. Kd5 Bxb2 49. e6 Bf6 50. Kc6 Bh4 51. e7+ Bxe7 52. dxe7+
Kxe7 53. Kxb6 Kd6 1-0

[Event "Titled Tue 17th Jun Late"]
[Site "chess.com INT"]
[Date "2025.06.17"]
[Round "9"]
[White "Carrasco Miranda, Andres"]
[Black "Pozzari, Simone"]
[Result "1-0"]
[WhiteTitle "CM"]
[BlackTitle "FM"]
[WhiteElo "2211"]
[BlackElo "2171"]
[WhiteFideId "3405990"]
[BlackFideId "2831282"]
[EventDate "2025.06.17"]

1. Nf3 Nf6 2. c4 g6 3. g3 Bg7 4. Bg2 O-O 5. O-O c5 6. Nc3 Nc6 7. d4 cxd4 8. Nxd4
Re8 9. c5 Qa5 10. Nb3 Qc7 11. Bf4 e5 12. Bg5 b6 13. Nb5 Qb8 14. Nd6 Re6 15. Bh3
Re7 16. Rc1 h6 17. Nxc8 Qxc8 18. Bxf6 Bxf6 19. cxb6 Qb7 20. Nc5 Qxb6 21. Nxd7
Rxd7 22. Qxd7 Nd4 23. Rc8+ Rxc8 24. Qxc8+ Kg7 25. e3 Ne2+ 26. Kh1 Qxb2 27. Qc4
Nc3 28. a4 h5 29. Bd7 h4 30. Be8 Qe2 31. Qxf7+ Kh8 32. Qxf6+ Kh7 33. Bxg6+ Kh6
34. Bd3+ Kh5 35. Qg6# 1-0

[Event "Titled Tue 17th Jun Late"]
[Site "chess.com INT"]
[Date "2025.06.17"]
[Round "9"]
[White "Noroozi, Omid"]
[Black "Atoyan, Alberto"]
[Result "1-0"]
[WhiteTitle "IM"]
[BlackTitle "CM"]
[WhiteElo "2266"]
[BlackElo "2266"]
[WhiteFideId "12501190"]
[BlackFideId "13314831"]
[EventDate "2025.06.17"]

1. c4 g6 2. Nc3 Bg7 3. d4 d6 4. e4 Nc6 5. d5 Nd4 6. Be3 c5 7. Nge2 Nxe2 8. Bxe2
e5 9. dxe6 Bxe6 10. Nb5 Bxb2 11. Rb1 Bf6 12. Nxd6+ Kf8 13. Bxc5 Bc3+ 14. Kf1 Kg7
15. Nxb7 Qc7 16. Bd4+ Bxd4 17. Qxd4+ Nf6 18. Nc5 Rhd8 19. Nxe6+ fxe6 20. Qc3 e5
21. f3 Qc5 22. Rb5 Qd6 23. Qxe5 Qxe5 24. Rxe5 Rd2 25. Kf2 Rxa2 26. Ke3 Rd8 27.
Re7+ 1-0

[Event "Titled Tue 17th Jun Late"]
[Site "chess.com INT"]
[Date "2025.06.17"]
[Round "9"]
[White "Rees, Ioan"]
[Black "Mayaud, Raphael"]
[Result "1-0"]
[WhiteTitle "FM"]
[BlackTitle "CM"]
[WhiteElo "2280"]
[BlackElo "2126"]
[WhiteFideId "1801236"]
[BlackFideId "627151"]
[EventDate "2025.06.17"]

1. Nf3 d5 2. g3 c6 3. Bg2 Nf6 4. O-O Bf5 5. c4 e6 6. d3 h6 7. Qb3 Qb6 8. Be3
Qxb3 9. axb3 a6 10. cxd5 exd5 11. Bd2 Nbd7 12. b4 Rc8 13. Bc3 Be7 14. Nbd2 O-O
15. Nb3 Bd6 16. Rfe1 Rfe8 17. Nfd4 Bg6 18. Bh3 Rc7 19. Bf5 Bxf5 20. Nxf5 Bf8 21.
f3 g6 22. Nfd4 Bg7 23. e4 Ne5 24. Rad1 dxe4 25. dxe4 Ree7 26. Kg2 Nc4 27. Nc5
Nd7 28. b3 Nce5 29. h3 Nxc5 30. bxc5 g5 31. Nf5 Re6 32. Nxg7 Kxg7 33. f4 gxf4
34. gxf4 Rg6+ 35. Kf2 Kh7 36. Bxe5 Re7 37. Rd8 f6 38. Bd6 Reg7 39. e5 Rg2+ 40.
Ke3 f5 41. Kd3 R7g3+ 42. Re3 Rxe3+ 43. Kxe3 Rg3+ 44. Kd4 1-0

[Event "Titled Tue 17th Jun Late"]
[Site "chess.com INT"]
[Date "2025.06.17"]
[Round "9"]
[White "Sindarov, Islombek"]
[Black "Borisov, Yuri"]
[Result "1-0"]
[WhiteTitle "CM"]
[BlackTitle "FM"]
[WhiteElo "2129"]
[BlackElo "2285"]
[WhiteFideId "14205475"]
[BlackFideId "1503928"]
[EventDate "2025.06.17"]

1. Nf3 e6 2. g3 f5 3. Bg2 Nf6 4. O-O d5 5. c4 c6 6. cxd5 exd5 7. b3 Bd6 8. Bb2
O-O 9. d4 Qe7 10. Nbd2 Nbd7 11. e3 Ne4 12. a3 b6 13. b4 Ba6 14. Re1 Rac8 15. Qa4
Bb5 16. Qb3 Ndf6 17. a4 Ba6 18. b5 Bb7 19. Nxe4 fxe4 20. Ne5 c5 21. Nc6 Bxc6 22.
dxc5 Bxc5 23. bxc6 Rxc6 24. Red1 Kh8 25. Ra2 Ng4 26. Ba1 Qf7 27. h3 Nxf2 28. Rf1
d4 29. Qxf7 Rxf7 30. exd4 Bd6 31. Raxf2 Rxf2 32. Kxf2 Rc2+ 33. Kg1 h6 34. Bxe4
Re2 35. Bb1 Bxg3 36. Rf8# 1-0

[Event "Titled Tue 17th Jun Late"]
[Site "chess.com INT"]
[Date "2025.06.17"]
[Round "9"]
[White "Gkavardinas, Antonios"]
[Black "Romanchuk, Viktor"]
[Result "1-0"]
[WhiteTitle "FM"]
[BlackTitle "FM"]
[WhiteElo "2278"]
[BlackElo "2266"]
[WhiteFideId "25883097"]
[BlackFideId "14109271"]
[EventDate "2025.06.17"]

1. b3 d5 2. Bb2 c6 3. f4 Bf5 4. Nf3 Nd7 5. g3 e6 6. Bg2 f6 7. O-O Bc5+ 8. Kh1
Ne7 9. d3 O-O 10. Nbd2 Be3 11. c4 b5 12. cxb5 cxb5 13. Bd4 Bxd4 14. Nxd4 a6 15.
e4 Qb6 16. exf5 Qxd4 17. fxe6 Nc5 18. Nf3 Qxd3 19. Qxd3 Nxd3 20. Rad1 Nb4 21. a3
Nc2 22. Rc1 Rfc8 23. a4 bxa4 24. bxa4 a5 25. Rb1 Rab8 26. Rfc1 Rxb1 27. Rxb1 Nb4
28. Nd4 f5 29. Nb3 Nbc6 30. Rc1 Rb8 31. Bxd5 Nxd5 32. Rxc6 g5 33. Rc5 Rxb3 34.
Rxd5 gxf4 35. gxf4 Rb4 36. Rxa5 Rxf4 37. Ra8+ Kg7 38. e7 1-0

[Event "Titled Tue 17th Jun Late"]
[Site "chess.com INT"]
[Date "2025.06.17"]
[Round "9"]
[White "Gubajdullin, Alexei"]
[Black "Gerbelli Neto, Eduardo"]
[Result "0-1"]
[WhiteTitle "FM"]
[WhiteElo "2233"]
[BlackElo "2114"]
[WhiteFideId "4141202"]
[BlackFideId "2103281"]
[EventDate "2025.06.17"]

1. d4 d5 2. Nf3 Nf6 3. Bf4 Bf5 4. e3 e6 5. c4 Bxb1 6. Qxb1 Bb4+ 7. Kd1 Ne4 8.
Qc2 Bd6 9. Bxd6 Qxd6 10. Bd3 f5 11. Ke2 Nc6 12. Rhc1 O-O 13. a3 a5 14. Qb3 a4
15. Qa2 Na5 16. cxd5 exd5 17. Bc2 Nc4 18. Bd3 b5 19. b3 axb3 20. Qxb3 c6 21. a4
bxa4 22. Rxa4 Rab8 23. Qd1 Rb2+ 24. Ke1 Nxf2 25. Raxc4 Nxd1 26. Rxc6 Qb4+ 27.
Kxd1 Rxg2 28. Rc8 Qb3+ 29. Bc2 Qxe3 0-1

[Event "Titled Tue 17th Jun Late"]
[Site "chess.com INT"]
[Date "2025.06.17"]
[Round "9"]
[White "Stribuk, Artiom"]
[Black "Tekeyev, Zaur"]
[Result "1-0"]
[WhiteTitle "IM"]
[BlackTitle "IM"]
[WhiteElo "2460"]
[BlackElo "2407"]
[WhiteFideId "13515659"]
[BlackFideId "4199731"]
[EventDate "2025.06.17"]

1. g3 Nf6 2. Bg2 g6 3. c4 Bg7 4. Nc3 O-O 5. d4 d6 6. Nf3 Nc6 7. O-O e5 8. d5 Nb8
9. c5 Na6 10. cxd6 cxd6 11. Nd2 Bd7 12. a4 Rc8 13. Qb3 b6 14. Qa3 Ne8 15. b4 e4
16. Bb2 e3 17. fxe3 Qg5 18. Nce4 Qe7 19. Bxg7 Kxg7 20. Qb2+ Kg8 21. Rf6 Nxb4 22.
Rxd6 Bf5 23. Qxb4 Nxd6 24. Qxd6 Qxd6 25. Nxd6 Rc2 26. Nxf5 Rxd2 27. Nd4 Rc8 28.
Kf2 Kg7 29. a5 bxa5 30. Rxa5 Rc7 31. Nc6 1-0

[Event "Titled Tue 17th Jun Late"]
[Site "chess.com INT"]
[Date "2025.06.17"]
[Round "9"]
[White "Buchenau, Frank"]
[Black "Garzon Zapatanga, Christopher Leonel"]
[Result "1-0"]
[WhiteTitle "FM"]
[BlackTitle "FM"]
[WhiteElo "2205"]
[BlackElo "2155"]
[WhiteFideId "4604350"]
[BlackFideId "3634787"]
[EventDate "2025.06.17"]

1. e4 c5 2. g3 g6 3. Bg2 Bg7 4. Ne2 Nc6 5. c3 e6 6. d4 cxd4 7. Nxd4 Nge7 8. O-O
O-O 9. Be3 Nxd4 10. Bxd4 d5 11. Bxg7 Kxg7 12. Nd2 dxe4 13. Nxe4 e5 14. Qd6 Qxd6
15. Nxd6 Rb8 16. Rfe1 f6 17. f4 Nc6 18. Bxc6 bxc6 19. fxe5 fxe5 20. b3 Bh3 21.
Rxe5 Rbd8 22. Re7+ Kh6 23. Nf7+ Rxf7 24. Rxf7 Rd3 25. Rf4 Kg5 26. Rh4 Bg4 27.
Rxh7 Rxc3 28. Rf1 Rc2 29. h4# 1-0

[Event "Titled Tue 17th Jun Late"]
[Site "chess.com INT"]
[Date "2025.06.17"]
[Round "9"]
[White "Dubnevych, Maksym"]
[Black "Deac, Bogdan-Daniel"]
[Result "0-1"]
[WhiteTitle "FM"]
[BlackTitle "GM"]
[WhiteElo "2296"]
[BlackElo "2674"]
[WhiteFideId "14184001"]
[BlackFideId "1226380"]
[EventDate "2025.06.17"]

1. Nc3 d5 2. d4 Nf6 3. Bf4 e6 4. Nb5 Bb4+ 5. c3 Ba5 6. a4 c6 7. Nd6+ Kf8 8. Nxc8
Qxc8 9. Nf3 Bc7 10. Bxc7 Qxc7 11. e3 a5 12. Bd3 Nbd7 13. O-O g6 14. Nd2 e5 15.
f4 exd4 16. exd4 Re8 17. Qf3 Kg7 18. Rae1 Qb6 19. b3 c5 20. Bb5 cxd4 21. Kh1 Re3
22. Qf2 Ng4 23. Qg1 Rxe1 24. Rxe1 dxc3 25. Nb1 Nf2+ 0-1

[Event "Titled Tue 17th Jun Late"]
[Site "chess.com INT"]
[Date "2025.06.17"]
[Round "9"]
[White "Mizzi, Jack"]
[Black "Shuvalova, Polina"]
[Result "1-0"]
[WhiteTitle "CM"]
[BlackTitle "IM"]
[WhiteElo "2107"]
[BlackElo "2480"]
[WhiteFideId "5602521"]
[BlackFideId "24171760"]
[EventDate "2025.06.17"]

1. d4 Nf6 2. c4 e6 3. Nf3 d5 4. Nbd2 c5 5. g3 Nc6 6. cxd5 exd5 7. Bg2 Be7 8. O-O
O-O 9. a3 c4 10. e3 Bf5 11. Re1 b5 12. Ne5 Qc7 13. Nxc6 Qxc6 14. Nf3 a5 15. Ne5
Qe6 16. a4 b4 17. f3 Rfd8 18. e4 dxe4 19. fxe4 Bh3 20. Bf4 Rac8 21. d5 Bc5+ 22.
Kh1 Bxg2+ 23. Kxg2 Qe8 24. Nxc4 Nxe4 25. Be5 f5 26. Bf4 Qf7 27. Nxa5 Rxd5 28.
Qc2 Rcd8 29. Rad1 g5 30. Bc1 g4 31. Nc6 R8d6 32. Rxd5 Qxd5 33. Ne7+ 1-0

[Event "Titled Tue 17th Jun Late"]
[Site "chess.com INT"]
[Date "2025.06.17"]
[Round "9"]
[White "Kosakowski, Jakub"]
[Black "Avramidou, Anastasia"]
[Result "1-0"]
[WhiteTitle "GM"]
[BlackTitle "FM"]
[WhiteElo "2548"]
[BlackElo "2294"]
[WhiteFideId "1185080"]
[BlackFideId "4239873"]
[EventDate "2025.06.17"]

1. e4 e6 2. d4 d5 3. Bd3 dxe4 4. Bxe4 Nf6 5. Bf3 Nbd7 6. Ne2 c5 7. O-O Be7 8.
Be3 cxd4 9. Nxd4 O-O 10. Qe2 Ne5 11. Nc3 Qc7 12. Bf4 Nxf3+ 13. Qxf3 e5 14. Ndb5
Qc5 15. Be3 Qb4 16. Nc7 Bg4 17. Qg3 Rad8 18. Bg5 Nh5 19. Bxe7 Qxe7 20. Qxg4 Nf6
21. Qc4 Rd4 22. Qb3 Qxc7 23. Nb5 Qd7 24. Nxd4 exd4 25. Rad1 Rd8 26. Rd3 Qf5 27.
Qxb7 h5 28. Qxa7 Qf4 29. Rf3 Qe5 30. h3 Rd7 31. Qa3 g6 32. Qb4 Kg7 33. Re1 Qg5
34. a4 Rc7 35. Qxd4 Rxc2 36. h4 1-0

[Event "Titled Tue 17th Jun Late"]
[Site "chess.com INT"]
[Date "2025.06.17"]
[Round "9"]
[White "Zlatin, Alexander"]
[Black "Mayans Calvo, Mariano"]
[Result "1-0"]
[WhiteTitle "FM"]
[BlackTitle "CM"]
[WhiteElo "2313"]
[BlackElo "2101"]
[WhiteFideId "2810549"]
[BlackFideId "2251426"]
[EventDate "2025.06.17"]

1. e4 e6 2. Nf3 d5 3. Nc3 Nf6 4. e5 Nfd7 5. d4 Be7 6. Bd3 a6 7. O-O g5 8. h3 h5
9. Nh2 c5 10. f4 cxd4 11. Ne2 Nc6 12. c3 dxc3 13. bxc3 gxf4 14. Nxf4 Ndxe5 15.
Qe2 Bd7 16. Nxh5 Qb6+ 17. Kh1 Rxh5 18. Qxh5 Nxd3 19. Qxf7+ Kd8 20. Qg8+ Be8 21.
Ng4 Nce5 22. Be3 Qc6 23. Nf6 Kc7 24. Rab1 b5 25. Qg7 Kd8 26. Bd4 Nd7 27. Nxe8
Kxe8 28. Rf7 Qd6 29. Rbf1 e5 30. Be3 Kd8 31. Rxe7 Kc7 32. Rxd7+ Qxd7 33. Bb6+
Kc6 34. Rf6+ Qd6 35. Qc7# 1-0

[Event "Titled Tue 17th Jun Late"]
[Site "chess.com INT"]
[Date "2025.06.17"]
[Round "9"]
[White "Sarkar, Justin"]
[Black "Sroczynski, Maciej"]
[Result "1-0"]
[WhiteTitle "IM"]
[BlackTitle "FM"]
[WhiteElo "2284"]
[BlackElo "2236"]
[WhiteFideId "2010011"]
[BlackFideId "1121472"]
[EventDate "2025.06.17"]

1. d4 Nf6 2. c4 g6 3. Nc3 Bg7 4. e4 d6 5. Be2 a6 6. Nf3 Nbd7 7. e5 dxe5 8. dxe5
Ng4 9. e6 fxe6 10. Ng5 Nxf2 11. Kxf2 O-O+ 12. Bf3 Ne5 13. Qxd8 Rxd8 14. Rd1 Rxd1
15. Bxd1 Nxc4 16. Bb3 b5 17. a4 Na5 18. Bxe6+ Bxe6 19. Nxe6 Nb3 20. Rb1 Nxc1 21.
Rxc1 Bf6 22. axb5 axb5 23. Nxc7 Rc8 24. N7xb5 Rb8 25. Rc2 Kf7 26. Na3 Rb3 27.
Nc4 Rb8 28. Ne4 Bd4+ 29. Ke2 Rb3 30. Ng5+ Kg7 31. Ne6+ Kf6 32. Nxd4 Rb8 33. Kd3
e5 34. Nc6 Rb3+ 35. Rc3 Rb5 36. N6xe5 Rd5+ 37. Ke4 Rd1 38. b4 Rb1 39. Rf3+ Ke6
40. Nd3 h5 41. Kd4 h4 42. Re3+ Kd7 43. Kc5 Kc7 44. b5 Rg1 45. Re7+ Kb8 46. Nde5
Rc1 47. Nc6+ Kc8 48. b6 Rxc4+ 49. Kxc4 g5 50. Rc7# 1-0

[Event "Titled Tue 17th Jun Late"]
[Site "chess.com INT"]
[Date "2025.06.17"]
[Round "9"]
[White "Firouzja, Alireza"]
[Black "Muradli, Mahammad"]
[Result "1-0"]
[WhiteTitle "GM"]
[BlackTitle "GM"]
[WhiteElo "2766"]
[BlackElo "2609"]
[WhiteFideId "12573981"]
[BlackFideId "13409301"]
[EventDate "2025.06.17"]

1. Nf3 c5 2. g3 Nc6 3. Bg2 g6 4. O-O Bg7 5. d3 d5 6. Nbd2 Nf6 7. e4 O-O 8. Re1
dxe4 9. dxe4 Qc7 10. c3 Rd8 11. Qe2 b6 12. e5 Nd5 13. a3 Qb8 14. Nc4 Ba6 15. Qe4
Qc7 16. h4 Rac8 17. h5 b5 18. hxg6 hxg6 19. Ncd2 e6 20. Qh4 Nxe5 21. Ng5 Ne7 22.
Ndf3 Nxf3+ 23. Bxf3 Nf5 24. Qh7+ Kf8 25. Rxe6 Bb7 26. Bf4 Qd7 27. Bxb7 Qxb7 28.
Rae1 fxe6 29. Qxg6 Re8 30. Rxe6 Rxe6 31. Qxe6 Nh6 32. Nh7# 1-0

[Event "Titled Tue 17th Jun Late"]
[Site "chess.com INT"]
[Date "2025.06.17"]
[Round "9"]
[White "Terkiewicz, Bruno"]
[Black "Fikiet, Alex"]
[Result "0-1"]
[WhiteTitle "CM"]
[WhiteElo "2183"]
[BlackElo "2151"]
[WhiteFideId "21093245"]
[BlackFideId "2052717"]
[EventDate "2025.06.17"]

1. e4 c5 2. Nf3 d6 3. d4 cxd4 4. Nxd4 Nf6 5. Nc3 Nc6 6. Bg5 e6 7. Qd2 a6 8.
O-O-O Bd7 9. f3 Nxd4 10. Qxd4 Be7 11. h4 Qc7 12. Kb1 b5 13. g4 h5 14. Bxf6 Bxf6
15. Qxd6 Qxd6 16. Rxd6 hxg4 17. fxg4 Rxh4 18. Rxh4 Bxh4 19. a4 b4 20. Na2 a5 21.
Bb5 Bxb5 22. axb5 Rb8 23. c4 bxc3 24. Nxc3 Bf6 25. Kc2 Bxc3 26. bxc3 Rxb5 27.
Kd3 Ke7 28. Ra6 Rg5 29. Ke3 Kf6 30. Kf4 Rc5 31. Ra7 g5+ 32. Ke3 Rxc3+ 33. Kd4
Rg3 34. Rxa5 Rxg4 35. Ra6 Rg1 36. Ra8 0-1

[Event "Titled Tue 17th Jun Late"]
[Site "chess.com INT"]
[Date "2025.06.17"]
[Round "9"]
[White "Rasch, Holger"]
[Black "Fadi, Marko"]
[Result "0-1"]
[WhiteTitle "FM"]
[BlackTitle "FM"]
[WhiteElo "2246"]
[BlackElo "2298"]
[WhiteFideId "4615670"]
[BlackFideId "10605371"]
[EventDate "2025.06.17"]

1. e4 g6 2. d4 Bg7 3. Nc3 c5 4. dxc5 Bxc3+ 5. bxc3 Qa5 6. Nf3 Qxc3+ 7. Bd2 Qxc5
8. Bd3 d6 9. O-O Nd7 10. Rb1 a6 11. h3 Ngf6 12. Bh6 Rg8 13. Be3 Qc6 14. Nd4 Qa4
15. f4 b5 16. Nc6 Bb7 17. Rb4 Qxa2 18. Nd4 Qa5 19. Rb1 Qc7 20. e5 dxe5 21. fxe5
Qxe5 22. Re1 Qd5 23. Bf1 e5 24. Bf4 O-O-O 0-1

[Event "Titled Tue 17th Jun Late"]
[Site "chess.com INT"]
[Date "2025.06.17"]
[Round "9"]
[White "Gimeno Martos, Roberto"]
[Black "Bogaudinov, Rushan"]
[Result "0-1"]
[WhiteTitle "CM"]
[BlackTitle "FM"]
[WhiteElo "2090"]
[BlackElo "1912"]
[WhiteFideId "2226804"]
[BlackFideId "4129288"]
[EventDate "2025.06.17"]

1. d4 g6 2. Nf3 Bg7 3. Nc3 a6 4. e4 b5 5. Be3 Bb7 6. a3 d6 7. Qd2 Nf6 8. Bd3 Ng4
9. Bg5 h6 10. Bh4 g5 11. Bg3 Nd7 12. h3 Ngf6 13. O-O Nh5 14. Bh2 e5 15. d5 Nf4
16. Ne2 O-O 17. Nxf4 exf4 18. c3 Ne5 19. Nxe5 Bxe5 20. Be2 Bc8 21. Bg4 Bxg4 22.
hxg4 Qc8 23. f3 Qb7 24. Kh1 c6 25. Rad1 cxd5 26. Qxd5 Qxd5 27. Rxd5 Rfc8 28.
Rfd1 Rc6 29. Bg1 f6 30. Bd4 Bxd4 31. R1xd4 Rd8 32. Kg1 Kf7 33. Kf2 Ke6 34. Rd1
Rh8 35. g3 fxg3+ 36. Kxg3 h5 37. Rh1 h4+ 38. Kh3 Rc5 39. Rd4 d5 40. exd5+ Rxd5
41. Re1+ Kd6 42. Red1 Rxd4 43. Rxd4+ Ke6 44. f4 Rc8 45. Re4+ Kd5 46. Rd4+ Ke6
47. Re4+ Kf7 48. fxg5 fxg5 49. Re5 Kf6 50. Rf5+ Kg6 51. Rd5 Rc6 52. Rd8 Re6 53.
Rd3 Re2 54. Rd6+ Kg7 55. Rd5 Re3+ 56. Kh2 Kf6 57. Rf5+ Kg6 58. Rf2 Rg3 59. Rg2
Rxg2+ 60. Kxg2 Kf6 61. Kf3 Ke5 62. b3 a5 63. a4 bxa4 64. bxa4 Kd5 0-1

[Event "Titled Tue 17th Jun Late"]
[Site "chess.com INT"]
[Date "2025.06.17"]
[Round "9"]
[White "Deng, Henry"]
[Black "Aliyev, Elnur"]
[Result "1-0"]
[WhiteTitle "FM"]
[BlackTitle "CM"]
[WhiteElo "2327"]
[BlackElo "2123"]
[WhiteFideId "30965454"]
[BlackFideId "13402617"]
[EventDate "2025.06.17"]

1. e4 c5 2. Nc3 Nc6 3. Bb5 g6 4. Bxc6 bxc6 5. f4 Bg7 6. Nf3 c4 7. O-O d6 8. Qe2
Ba6 9. d4 cxd3 10. cxd3 Nf6 11. Kh1 O-O 12. Rd1 Rb8 13. Be3 Qc7 14. Qc2 Nd7 15.
Bd4 e5 16. fxe5 Nxe5 17. Nxe5 dxe5 18. Bc5 Rfd8 19. Rd2 Rd7 20. Be3 Rbd8 21.
Rad1 Qa5 22. Na4 Bxd3 23. Rxd3 Rxd3 24. Rxd3 Rxd3 25. Qxd3 Qe1+ 26. Bg1 Bf8 27.
h3 h5 28. Kh2 Bh6 29. Nc3 Bf4+ 30. g3 Bg5 31. Qe2 Qc1 32. h4 Be7 33. Be3 Qa1 34.
Qc2 Bb4 35. Qb1 Qxb1 36. Nxb1 Kf8 37. Bxa7 Ke7 38. Be3 Ke6 39. Kg2 Bd6 40. Kf3
f5 41. Nc3 Bb4 42. a3 Ba5 43. b4 Bc7 44. a4 Bd8 45. a5 f4 46. Bf2 1-0